| 000 | 00595nam a2200217 a 4500 | ||
|---|---|---|---|
| 005 | 20250408063821.0 | ||
| 008 | 020109s1992 mx r 000 0 spa d | ||
| 020 | _a8427113692 | ||
| 035 | _aUPN01000114485 | ||
| 049 | _aCG | ||
| 050 | 4 |
_aLB1601.3 _bP3.5 1992 |
|
| 100 | 1 |
_aPallares Molins, Enrique, _d1944- |
|
| 245 | 1 | 0 |
_aMejora tu modo de estudiar / _cEnrique Pallares Molins. |
| 250 | _a7a ed. | ||
| 260 |
_aBilbao, Esp. : _bMensajero, _c1992. |
||
| 300 | _a215 p. | ||
| 440 | 0 | _aRealizarse | |
| 650 | 4 |
_aMétodos de estudio _94280 |
|
| 650 | 4 |
_aAutoeducación _92905 |
|
| 905 | _aLibro | ||
| 999 |
_c88392 _d88392 |
||